000 nam a22 7a 4500
999 _c128347
_d128347
008 181009b xxu||||| |||| 00| 0 eng d
020 _a9780854393473
050 _aBS1433
_b.386
100 _aMartini, Carlo-Maria
_96591
245 _aWhat am i that you care for me?
_bpraying with the Psalms
_cCarlo-Maria Martini
260 _aUnited Kingdom
_bSt. Pauls
_c1990
300 _a138p, ;
_c22cm.
650 _aBible O.T. Psalms
_xMeditations
_942836
942 _2lcc
_cMONOGRAPH